000 00570nam a2200181Ia 4500
999 _c53207
_d53207
003 GCL
005 20240530105115.0
008 140319s9999 xx 000 0 ara d
040 _aGCL /
_cGCL
082 0 4 _a258
_bع ك
100 1 _aعبدالرحمن الجزيرى
245 1 0 _aكتاب الفقه على المذاهب الاربعة /
_cعبدالرحمن الجزيرى
260 _a[S.N] :
_bالمكتبة التوفيقية
300 _aمتعدد الترقيم
650 0 4 _aالاسلام
650 0 4 _aالفقه الاسلامى
942 _2ddc
_cBK